Jogadores de Futebol com Nome/Apelido de animais - Statistics

Estatísticas Gerais
  • Esse quiz foi jogado 239 vezes
  • A pontuação média é 7 de 11
Estatísticas das Respostas
Imagem Resposta % Correto
Alexandre Pato
97%
Paulo Henrique Ganso
91%
Aranha
77%
Richarlison Pombo
76%
Flavio Caça-Rato
74%
Gatito Fernandez
74%
Rafael Leão
72%
Wellington Rato
59%
Gustavo Mosquito
54%
Lucas Piton
41%
Junior Urso
31%
Nenhum quiz correspondente encontrado
Distribuição das Pontuações
Porcentagem de Pessoas com Cada Pontuação
Percentil de Números Respondidos
Sua Pontuação Histórica
Você não jogou esse quiz